[Event "ODJM A 2024"]
[Site "Willingen GER"]
[Date "2024.05.25"]
[Round "9"]
[White "Wübker, Paul-Luca"]
[Black "Kamp, Adrian"]
[Result "1/2-1/2"]
[Termination "normal"]
[Board "1"]
[WhiteElo "2267"]
[BlackElo "2098"]
[WhiteClock "00:25:27"]
[BlackClock "00:25:00"]
[PlyCount "120"]
[WhiteFideId "12939528"]
[BlackFideId "16222466"]
[EventCountry "GER"]
[EventRounds "9"]
[EventType "swiss"]
[EventDate "2024.05.18"]

1. d4 {[%clk 01:30:58]} Nf6 {[%clk 01:30:44]} {[%emt 00:00:16]} 2. c4 {[%clk
01:31:23]} {[%emt 00:00:05]} e6 {[%clk 01:31:02]} {[%emt 00:00:12]} 3. Nf3
{[%clk 01:31:43]} {[%emt 00:00:10]} d5 {[%clk 01:31:17]} {[%emt 00:00:15]} 4.
Nc3 {[%clk 01:32:04]} {[%emt 00:00:09]} c6 {[%clk 01:31:34]} {[%emt 00:00:13]}
5. e3 {[%clk 01:32:25]} {[%emt 00:00:09]} Nbd7 {[%clk 01:31:44]} {[%emt
00:00:23]} 6. Qc2 {[%clk 01:32:48]} {[%emt 00:00:05]} Bd6 {[%clk 01:32:04]}
{[%emt 00:00:09]} 7. b3 {[%clk 01:33:12]} {[%emt 00:00:07]} O-O {[%clk
01:32:03]} {[%emt 00:00:30]} 8. Be2 {[%clk 01:31:51]} {[%emt 00:01:51]} e5
{[%clk 01:30:39]} {[%emt 00:01:54]} 9. cxd5 {[%clk 01:31:55]} {[%emt 00:00:26]}
Nxd5 {[%clk 01:24:18]} {[%emt 00:06:52]} 10. Nxd5 {[%clk 01:32:01]} {[%emt
00:00:24]} cxd5 {[%clk 01:24:39]} {[%emt 00:00:08]} 11. dxe5 {[%clk 01:32:07]}
{[%emt 00:00:24]} Nxe5 {[%clk 01:24:37]} {[%emt 00:00:32]} 12. Bb2 {[%clk
01:28:24]} {[%emt 00:04:13]} Nxf3+ {[%clk 01:20:39]} {[%emt 00:04:28]} 13. Bxf3
{[%clk 01:28:35]} {[%emt 00:00:19]} Bb4+ {[%clk 01:21:03]} {[%emt 00:00:06]}
14. Kf1 {[%clk 01:21:12]} {[%emt 00:07:53]} Be6 {[%clk 01:17:48]} {[%emt
00:03:45]} 15. Qd3 {[%clk 01:21:21]} {[%emt 00:00:21]} Be7 {[%clk 01:13:01]}
{[%emt 00:05:17]} 16. h4 {[%clk 01:20:28]} {[%emt 00:01:22]} Bf6 {[%clk
01:09:49]} {[%emt 00:03:42]} 17. Bd4 {[%clk 01:19:54]} {[%emt 00:01:04]} Rc8
{[%clk 01:09:34]} {[%emt 00:00:45]} 18. g3 {[%clk 01:18:37]} {[%emt 00:01:47]}
Bxd4 {[%clk 01:05:39]} {[%emt 00:04:26]} 19. Qxd4 {[%clk 01:18:58]} {[%emt
00:00:09]} Qa5 {[%clk 01:06:01]} {[%emt 00:00:08]} 20. Kg2 {[%clk 01:11:33]}
{[%emt 00:07:55]} Rc2 {[%clk 01:04:36]} {[%emt 00:01:55]} 21. Rhd1 {[%clk
01:11:50]} {[%emt 00:00:14]} Rxa2 {[%clk 00:57:16]} {[%emt 00:07:49]} 22. b4
{[%clk 01:12:05]} {[%emt 00:00:14]} Qa3 {[%clk 00:57:16]} {[%emt 00:00:30]} 23.
Rxa2 {[%clk 01:12:28]} {[%emt 00:00:08]} Qxa2 {[%clk 00:57:40]} {[%emt
00:00:06]} 24. Ra1 {[%clk 01:12:52]} {[%emt 00:00:06]} Qc4 {[%clk 00:54:06]}
{[%emt 00:04:04]} 25. Rxa7 {[%clk 01:11:16]} {[%emt 00:02:06]} Qxd4 {[%clk
00:44:14]} {[%emt 00:10:21]} 26. exd4 {[%clk 01:11:31]} {[%emt 00:00:15]} Rb8
{[%clk 00:44:25]} {[%emt 00:00:19]} 27. Ra5 {[%clk 00:54:43]} {[%emt 00:17:18]}
b6 {[%clk 00:44:22]} {[%emt 00:00:33]} 28. Ra7 {[%clk 00:53:43]} {[%emt
00:01:29]} Kf8 {[%clk 00:43:57]} {[%emt 00:00:56]} 29. Be2 {[%clk 00:53:37]}
{[%emt 00:00:36]} Rc8 {[%clk 00:37:41]} {[%emt 00:06:46]} 30. Rb7 {[%clk
00:48:40]} {[%emt 00:05:26]} Rc2 {[%clk 00:37:49]} {[%emt 00:00:22]} 31. Bd3
{[%clk 00:46:50]} {[%emt 00:02:21]} Rd2 {[%clk 00:37:03]} {[%emt 00:01:15]} 32.
Rb8+ {[%clk 00:45:23]} {[%emt 00:01:57]} Ke7 {[%clk 00:37:23]} {[%emt
00:00:10]} 33. Bxh7 {[%clk 00:45:00]} {[%emt 00:00:53]} g6 {[%clk 00:36:11]}
{[%emt 00:01:42]} 34. Rxb6 {[%clk 00:42:29]} {[%emt 00:03:01]} Kf6 {[%clk
00:34:07]} {[%emt 00:02:34]} 35. h5 {[%clk 00:39:25]} {[%emt 00:03:34]} gxh5
{[%clk 00:34:14]} {[%emt 00:00:23]} 36. Kf3 {[%clk 00:39:30]} {[%emt 00:00:24]}
Rxd4 {[%clk 00:34:17]} {[%emt 00:00:26]} 37. Ke3 {[%clk 00:39:48]} {[%emt
00:00:12]} Rd1 {[%clk 00:32:34]} {[%emt 00:02:14]} 38. Bd3 {[%clk 00:39:44]}
{[%emt 00:00:34]} Ke7 {[%clk 00:30:01]} {[%emt 00:03:03]} 39. Ra6 {[%clk
00:38:01]} {[%emt 00:02:13]} Kd7 {[%clk 00:26:07]} 40. b5 {[%clk 00:34:32]}
{[%emt 00:08:24]} Kc7 {[%clk 00:25:12]} {[%emt 00:01:25]} 41. Ra4 {[%clk
00:34:00]} {[%emt 00:01:02]} Kb6 {[%clk 00:20:24]} {[%emt 00:05:17]} 42. Be2
{[%clk 00:23:01]} {[%emt 00:11:29]} Rb1 {[%clk 00:12:29]} {[%emt 00:08:25]} 43.
Rf4 {[%clk 00:22:49]} {[%emt 00:00:42]} Rb3+ {[%clk 00:02:11]} {[%emt
00:10:48]} 44. Bd3 {[%clk 00:22:04]} {[%emt 00:01:16]} Kc5 {[%clk 00:01:23]}
{[%emt 00:01:17]} 45. Kd2 {[%clk 00:16:42]} {[%emt 00:05:52]} d4 {[%clk
00:29:21]} {[%emt 00:02:32]} 46. Ke2 {[%clk 00:34:23]} {[%emt 00:12:49]} Rb2+
{[%clk 00:29:05]} {[%emt 00:00:46]} 47. Ke1 {[%clk 00:29:35]} {[%emt 00:05:18]}
Bc4 {[%clk 00:23:59]} {[%emt 00:05:36]} 48. Rf5+ {[%clk 00:21:23]} {[%emt
00:08:43]} Kb4 {[%clk 00:24:17]} {[%emt 00:00:11]} 49. Bxc4 {[%clk 00:21:41]}
{[%emt 00:00:11]} Kxc4 {[%clk 00:24:41]} {[%emt 00:00:06]} 50. Rxh5 {[%clk
00:21:45]} {[%emt 00:00:26]} Rxb5 {[%clk 00:23:51]} {[%emt 00:01:20]} 51. Rxb5
{[%clk 00:22:06]} {[%emt 00:00:09]} Kxb5 {[%clk 00:24:16]} {[%emt 00:00:05]}
52. Kd2 {[%clk 00:22:31]} {[%emt 00:00:05]} Kc4 {[%clk 00:23:56]} {[%emt
00:00:51]} 53. g4 {[%clk 00:22:48]} {[%emt 00:00:13]} d3 {[%clk 00:23:56]}
{[%emt 00:00:29]} 54. g5 {[%clk 00:23:07]} {[%emt 00:00:11]} Kd4 {[%clk
00:24:05]} {[%emt 00:00:21]} 55. f3 {[%clk 00:23:31]} {[%emt 00:00:07]} Kc4
{[%clk 00:23:30]} {[%emt 00:01:06]} 56. f4 {[%clk 00:23:52]} {[%emt 00:00:08]}
Kd4 {[%clk 00:23:53]} {[%emt 00:00:07]} 57. f5 {[%clk 00:24:16]} {[%emt
00:00:06]} Ke5 {[%clk 00:24:13]} {[%emt 00:00:11]} 58. g6 {[%clk 00:24:40]}
{[%emt 00:00:06]} fxg6 {[%clk 00:24:36]} {[%emt 00:00:07]} 59. fxg6 {[%clk
00:25:01]} {[%emt 00:00:08]} Kf6 {[%clk 00:25:00]} {[%emt 00:00:06]} 60. Kxd3
{[%clk 00:25:27]} {[%emt 00:00:05]} Kxg6 {[%emt 00:00:05]} 1/2-1/2

[Event "ODJM A 2024"]
[Site "Willingen GER"]
[Date "2024.05.25"]
[Round "9"]
[White "Vollbehr, Bjarne"]
[Black "Kruse, Victor"]
[Result "1-0"]
[Termination "normal"]
[Board "2"]
[WhiteElo "1927"]
[BlackElo "2030"]
[WhiteClock "00:01:30"]
[BlackClock "00:00:57"]
[PlyCount "77"]
[WhiteFideId "34606025"]
[BlackFideId "16256964"]
[EventCountry "GER"]
[EventRounds "9"]
[EventType "swiss"]
[EventDate "2024.05.18"]

1. d4 {[%clk 01:30:53]} {[%emt 00:00:06]} a6 {[%clk 01:30:55]} {[%emt
00:00:06]} 2. Nf3 {[%clk 01:28:48]} {[%emt 00:02:34]} Nf6 {[%clk 01:31:10]}
{[%emt 00:00:15]} 3. c4 {[%clk 01:28:45]} {[%emt 00:00:34]} b5 {[%clk
01:31:33]} {[%emt 00:00:06]} 4. cxb5 {[%clk 01:25:41]} {[%emt 00:03:34]} axb5
{[%clk 01:31:55]} {[%emt 00:00:08]} 5. Qb3 {[%clk 01:19:15]} {[%emt 00:06:56]}
e6 {[%clk 01:27:35]} {[%emt 00:04:51]} 6. Bg5 {[%clk 01:14:00]} {[%emt
00:05:45]} b4 {[%clk 01:16:55]} {[%emt 00:11:10]} 7. e4 {[%clk 01:05:11]}
{[%emt 00:09:18]} Nc6 {[%clk 01:16:35]} {[%emt 00:00:51]} 8. Bb5 {[%clk
01:01:07]} {[%emt 00:04:34]} Ba6 {[%clk 01:05:16]} {[%emt 00:11:48]} 9. Bxa6
{[%clk 01:00:44]} {[%emt 00:00:54]} Rxa6 {[%clk 01:05:35]} {[%emt 00:00:11]}
10. O-O {[%clk 00:55:52]} {[%emt 00:05:22]} Qa8 {[%clk 01:04:29]} {[%emt
00:01:36]} 11. Nbd2 {[%clk 00:50:38]} {[%emt 00:05:43]} Be7 {[%clk 00:54:00]}
{[%emt 00:11:00]} 12. Rfc1 {[%clk 00:45:33]} {[%emt 00:05:35]} h6 {[%clk
00:49:24]} {[%emt 00:05:06]} 13. Bf4 {[%clk 00:43:57]} {[%emt 00:02:06]} Na5
{[%clk 00:49:03]} {[%emt 00:00:51]} 14. Qd3 {[%clk 00:43:02]} {[%emt 00:01:24]}
c6 {[%clk 00:49:14]} {[%emt 00:00:19]} 15. Ne5 {[%clk 00:33:55]} {[%emt
00:09:38]} O-O {[%clk 00:46:17]} {[%emt 00:03:26]} 16. f3 {[%clk 00:31:23]}
{[%emt 00:03:03]} Rc8 {[%clk 00:34:41]} {[%emt 00:12:06]} 17. Be3 {[%clk
00:29:58]} {[%emt 00:01:55]} d6 {[%clk 00:23:11]} {[%emt 00:12:00]} 18. Nec4
{[%clk 00:29:14]} {[%emt 00:01:13]} Nb7 {[%clk 00:20:59]} {[%emt 00:02:43]} 19.
a4 {[%clk 00:27:14]} {[%emt 00:02:31]} d5 {[%clk 00:20:12]} {[%emt 00:01:17]}
20. Ne5 {[%clk 00:26:17]} {[%emt 00:01:26]} c5 {[%clk 00:13:49]} {[%emt
00:06:53]} 21. b3 {[%clk 00:25:02]} {[%emt 00:01:45]} Ra5 {[%clk 00:07:03]}
{[%emt 00:07:17]} 22. Kh1 {[%clk 00:20:09]} {[%emt 00:05:22]} cxd4 {[%clk
00:06:29]} {[%emt 00:01:05]} 23. Rxc8+ {[%emt 00:01:29]} Qxc8 {[%emt 00:00:01]}
24. Bxd4 {[%clk 00:18:47]} {[%emt 00:00:51]} Nc5 {[%clk 00:04:52]} {[%emt
00:02:36]} 25. Rc1 {[%clk 00:17:52]} {[%emt 00:01:26]} Qb7 {[%clk 00:05:19]}
{[%emt 00:00:03]} 26. Qe3 {[%clk 00:16:45]} {[%emt 00:01:36]} Nfd7 {[%clk
00:04:35]} {[%emt 00:01:15]} 27. exd5 {[%clk 00:08:52]} {[%emt 00:08:23]} Qxd5
{[%clk 00:04:33]} {[%emt 00:00:31]} 28. Nxd7 {[%clk 00:07:51]} {[%emt
00:01:32]} Nxd7 {[%clk 00:04:57]} {[%emt 00:00:06]} 29. Rc8+ {[%clk 00:07:09]}
{[%emt 00:01:12]} Kh7 {[%clk 00:04:16]} {[%emt 00:01:11]} 30. Nc4 {[%clk
00:05:23]} {[%emt 00:02:15]} Ra8 {[%clk 00:02:22]} {[%emt 00:02:24]} 31. Rxa8
{[%clk 00:05:27]} {[%emt 00:00:26]} Qxa8 {[%clk 00:02:51]} {[%emt 00:00:01]}
32. Nb6 {[%clk 00:04:07]} {[%emt 00:01:50]} Qd8 {[%clk 00:01:41]} {[%emt
00:01:40]} 33. Nxd7 {[%clk 00:03:04]} {[%emt 00:01:33]} Qxd7 {[%clk 00:02:10]}
34. a5 {[%clk 00:02:16]} {[%emt 00:01:18]} f5 {[%clk 00:01:15]} {[%emt
00:01:26]} 35. a6 {[%clk 00:00:49]} {[%emt 00:01:56]} e5 {[%clk 00:01:26]}
{[%emt 00:00:19]} 36. Bxe5 {[%clk 00:00:42]} {[%emt 00:00:37]} Qd1+ {[%clk
00:01:48]} {[%emt 00:00:08]} 37. Qg1 {[%clk 00:01:06]} {[%emt 00:00:06]} Qxb3
{[%clk 00:02:02]} {[%emt 00:00:16]} 38. a7 {[%clk 00:01:12]} {[%emt 00:00:24]}
Qa2 {[%clk 00:00:57]} {[%emt 00:01:35]} 39. Qa1 {[%clk 00:01:30]} {[%emt
00:00:13]} 1-0

[Event "ODJM A 2024"]
[Site "Willingen GER"]
[Date "2024.05.25"]
[Round "9"]
[White "Paeslack, Luis"]
[Black "Uhlmann, Tim"]
[Result "1-0"]
[Termination "normal"]
[Board "3"]
[WhiteElo "2003"]
[BlackElo "1920"]
[WhiteClock "00:03:23"]
[BlackClock "00:40:08"]
[PlyCount "81"]
[WhiteFideId "12987760"]
[BlackFideId "16239210"]
[EventCountry "GER"]
[EventRounds "9"]
[EventType "swiss"]
[EventDate "2024.05.18"]

1. d4 {[%clk 01:29:53]} {[%emt 00:01:05]} Nf6 {[%clk 01:30:43]} {[%emt
00:00:17]} 2. c4 {[%clk 01:24:18]} {[%emt 00:06:05]} e5 {[%clk 01:30:41]}
{[%emt 00:00:33]} 3. dxe5 {[%clk 01:23:51]} {[%emt 00:00:56]} Ng4 {[%clk
01:31:02]} {[%emt 00:00:09]} 4. e3 {[%clk 01:24:11]} {[%emt 00:00:09]} Nxe5
{[%clk 01:31:27]} {[%emt 00:00:05]} 5. f4 {[%clk 01:22:53]} {[%emt 00:01:48]}
Ng6 {[%clk 01:31:38]} {[%emt 00:00:19]} 6. Nf3 {[%clk 01:08:18]} {[%emt
00:15:05]} Bb4+ {[%clk 01:31:14]} {[%emt 00:00:54]} 7. Bd2 {[%clk 00:57:27]}
{[%emt 00:11:22]} Nc6 {[%clk 01:29:06]} {[%emt 00:02:37]} 8. Bd3 {[%clk
00:49:23]} {[%emt 00:08:33]} Qe7 {[%clk 01:25:25]} {[%emt 00:04:11]} 9. O-O
{[%clk 00:46:43]} {[%emt 00:03:11]} Bc5 {[%clk 01:23:18]} {[%emt 00:02:38]} 10.
Kh1 {[%clk 00:42:50]} {[%emt 00:04:22]} Nb4 {[%clk 01:19:41]} {[%emt 00:04:07]}
11. Bf5 {[%clk 00:33:48]} {[%emt 00:09:32]} d6 {[%clk 01:06:42]} {[%emt
00:13:29]} 12. Bxc8 {[%clk 00:31:27]} {[%emt 00:02:51]} Rxc8 {[%clk 01:07:06]}
{[%emt 00:00:06]} 13. Bxb4 {[%clk 00:31:39]} {[%emt 00:00:18]} Bxb4 {[%clk
01:06:21]} {[%emt 00:01:15]} 14. Qa4+ {[%clk 00:31:35]} {[%emt 00:00:34]} Kd8
{[%clk 01:06:36]} {[%emt 00:00:14]} 15. Qxb4 {[%clk 00:31:37]} {[%emt
00:00:28]} Qxe3 {[%clk 01:06:53]} {[%emt 00:00:13]} 16. Qc3 {[%clk 00:23:08]}
{[%emt 00:08:59]} Qxf4 {[%clk 01:05:55]} {[%emt 00:01:28]} 17. Nbd2 {[%clk
00:20:40]} {[%emt 00:02:57]} f6 {[%clk 01:03:07]} {[%emt 00:03:19]} 18. c5
{[%clk 00:18:04]} {[%emt 00:03:07]} Re8 {[%clk 01:01:32]} {[%emt 00:02:04]} 19.
cxd6 {[%clk 00:15:38]} {[%emt 00:02:57]} cxd6 {[%clk 01:01:24]} {[%emt
00:00:38]} 20. Qa5+ {[%clk 00:15:38]} {[%emt 00:00:29]} Rc7 {[%clk 01:01:06]}
{[%emt 00:00:49]} 21. Qxa7 {[%clk 00:12:51]} {[%emt 00:03:17]} Re2 {[%clk
01:00:07]} {[%emt 00:01:28]} 22. Rae1 {[%clk 00:10:52]} {[%emt 00:02:29]} Rxe1
{[%clk 00:57:33]} {[%emt 00:03:05]} 23. Rxe1 {[%clk 00:11:09]} {[%emt
00:00:12]} Ne5 {[%clk 00:57:04]} {[%emt 00:00:59]} 24. Nxe5 {[%clk 00:05:29]}
{[%emt 00:06:10]} fxe5 {[%clk 00:55:33]} {[%emt 00:02:02]} 25. Nf3 {[%clk
00:04:45]} {[%emt 00:01:13]} Qb4 {[%clk 00:54:48]} {[%emt 00:01:14]} 26. Qf2
{[%clk 00:04:19]} {[%emt 00:00:57]} Rc4 {[%clk 00:51:36]} {[%emt 00:03:42]} 27.
a3 {[%clk 00:04:24]} {[%emt 00:00:26]} Qa5 {[%clk 00:50:51]} {[%emt 00:01:13]}
28. Qg3 {[%clk 00:03:16]} {[%emt 00:01:39]} Rf4 {[%clk 00:50:41]} {[%emt
00:00:40]} 29. Rc1 {[%clk 00:03:04]} {[%emt 00:00:43]} Rf7 {[%clk 00:46:43]}
{[%emt 00:04:27]} 30. Qg5+ {[%clk 00:02:59]} {[%emt 00:00:34]} Kd7 {[%clk
00:46:14]} {[%emt 00:00:59]} 31. Qg4+ {[%clk 00:03:13]} {[%emt 00:00:17]} Ke7
{[%clk 00:46:08]} {[%emt 00:00:36]} 32. Qh4+ {[%clk 00:03:17]} {[%emt
00:00:26]} Kd7 {[%clk 00:44:46]} {[%emt 00:01:52]} 33. Qxh7 {[%clk 00:03:18]}
{[%emt 00:00:29]} Qb6 {[%clk 00:41:30]} {[%emt 00:03:47]} 34. Qg8 {[%clk
00:02:58]} {[%emt 00:00:50]} Qb3 {[%clk 00:40:30]} {[%emt 00:01:30]} 35. Qc8+
{[%clk 00:02:51]} {[%emt 00:00:36]} Ke7 {[%clk 00:40:49]} {[%emt 00:00:11]} 36.
Qc7+ {[%clk 00:02:53]} {[%emt 00:00:28]} Ke8 {[%clk 00:38:56]} {[%emt
00:02:23]} 37. Qc8+ {[%clk 00:03:12]} {[%emt 00:00:11]} Ke7 {[%clk 00:39:21]}
{[%emt 00:00:05]} 38. Qc7+ {[%clk 00:03:18]} {[%emt 00:00:25]} Ke8 {[%clk
00:39:47]} {[%emt 00:00:04]} 39. Qxd6 {[%clk 00:03:14]} {[%emt 00:00:34]} Rxf3
{[%clk 00:39:42]} {[%emt 00:00:35]} 40. Rc8+ {[%clk 00:03:23]} {[%emt
00:00:20]} Kf7 {[%clk 00:40:08]} {[%emt 00:00:05]} 41. Rf8# {[%emt 00:00:04]}
1-0

[Event "ODJM A 2024"]
[Site "Willingen GER"]
[Date "2024.05.25"]
[Round "9"]
[White "Meiwes, Thore"]
[Black "Weigand, Anton"]
[Result "0-1"]
[Termination "normal"]
[Board "4"]
[WhiteElo "2050"]
[BlackElo "2091"]
[WhiteClock "00:34:13"]
[BlackClock "00:14:48"]
[PlyCount "118"]
[WhiteFideId "16201256"]
[BlackFideId "16221915"]
[EventCountry "GER"]
[EventRounds "9"]
[EventType "swiss"]
[EventDate "2024.05.18"]

1. d4 {[%clk 01:30:59]} Nf6 {[%clk 01:30:52]} {[%emt 00:00:08]} 2. Nf3 {[%clk
01:31:04]} {[%emt 00:00:25]} d5 {[%clk 01:31:16]} {[%emt 00:00:05]} 3. c4
{[%clk 01:31:28]} {[%emt 00:00:06]} dxc4 {[%clk 01:30:18]} {[%emt 00:01:29]} 4.
e3 {[%clk 01:31:56]} {[%emt 00:00:02]} a6 {[%clk 01:30:40]} {[%emt 00:00:08]}
5. Bxc4 {[%clk 01:32:21]} {[%emt 00:00:04]} e6 {[%clk 01:30:55]} {[%emt
00:00:16]} 6. O-O {[%clk 01:32:44]} {[%emt 00:00:07]} Be7 {[%clk 01:30:52]}
{[%emt 00:00:33]} 7. b3 {[%clk 01:33:07]} {[%emt 00:00:07]} O-O {[%clk
01:28:40]} {[%emt 00:02:42]} 8. Nbd2 {[%clk 01:33:23]} {[%emt 00:00:13]} c5
{[%clk 01:27:53]} {[%emt 00:01:17]} 9. Be2 {[%clk 01:33:43]} {[%emt 00:00:10]}
Nc6 {[%clk 01:10:31]} {[%emt 00:17:52]} 10. Bb2 {[%clk 01:32:54]} {[%emt
00:01:19]} Bd7 {[%clk 01:10:23]} {[%emt 00:00:39]} 11. dxc5 {[%clk 01:33:03]}
{[%emt 00:00:21]} Bxc5 {[%clk 01:10:36]} {[%emt 00:00:15]} 12. Rc1 {[%clk
01:33:28]} {[%emt 00:00:06]} Be7 {[%clk 01:10:20]} {[%emt 00:00:46]} 13. Nc4
{[%clk 01:33:11]} {[%emt 00:00:47]} Nb4 {[%clk 01:01:55]} {[%emt 00:08:56]} 14.
a3 {[%clk 01:32:57]} {[%emt 00:00:44]} Nbd5 {[%clk 01:02:22]} {[%emt 00:00:02]}
15. Bd3 {[%clk 01:21:52]} {[%emt 00:11:35]} Rc8 {[%clk 00:57:09]} {[%emt
00:05:42]} 16. Bb1 {[%clk 01:19:31]} {[%emt 00:02:50]} Bb5 {[%clk 00:55:02]}
{[%emt 00:02:38]} 17. Nfe5 {[%clk 01:18:23]} {[%emt 00:01:39]} Nb6 {[%clk
00:48:04]} {[%emt 00:07:24]} 18. Qf3 {[%clk 01:17:41]} {[%emt 00:01:16]} Nxc4
{[%clk 00:44:49]} {[%emt 00:03:44]} 19. bxc4 {[%clk 01:17:27]} {[%emt
00:00:44]} Bc6 {[%clk 00:45:05]} {[%emt 00:00:14]} 20. e4 {[%clk 01:13:44]}
{[%emt 00:04:13]} Qb6 {[%clk 00:38:11]} {[%emt 00:07:25]} 21. Ba1 {[%clk
01:11:11]} {[%emt 00:03:03]} Rcd8 {[%clk 00:36:01]} {[%emt 00:02:39]} 22. Ng4
{[%clk 01:05:05]} {[%emt 00:06:36]} Nxg4 {[%clk 00:34:36]} {[%emt 00:01:56]}
23. Qxg4 {[%clk 01:05:24]} {[%emt 00:00:11]} g6 {[%clk 00:34:31]} {[%emt
00:00:35]} 24. Qg3 {[%clk 00:38:59]} {[%emt 00:26:56]} Qc5 {[%clk 00:32:44]}
{[%emt 00:02:16]} 25. Kh1 {[%clk 00:34:41]} {[%emt 00:04:49]} Bd6 {[%clk
00:24:22]} {[%emt 00:08:50]} 26. e5 {[%clk 00:34:22]} {[%emt 00:00:50]} Qxa3
{[%clk 00:15:09]} {[%emt 00:09:43]} 27. Bd3 {[%clk 00:30:41]} {[%emt 00:04:10]}
Bb4 {[%clk 00:11:48]} {[%emt 00:03:51]} 28. Be2 {[%clk 00:28:10]} {[%emt
00:03:01]} Qxg3 {[%clk 00:11:52]} {[%emt 00:00:26]} 29. hxg3 {[%clk 00:28:31]}
{[%emt 00:00:10]} Rd2 {[%clk 00:11:44]} {[%emt 00:00:37]} 30. Bf3 {[%clk
00:28:48]} {[%emt 00:00:13]} Bxf3 {[%clk 00:11:20]} {[%emt 00:00:55]} 31. gxf3
{[%clk 00:29:12]} {[%emt 00:00:06]} Bc5 {[%clk 00:11:41]} {[%emt 00:00:09]} 32.
Kg2 {[%clk 00:29:29]} {[%emt 00:00:13]} Rfd8 {[%clk 00:11:16]} {[%emt
00:00:55]} 33. Bc3 {[%clk 00:29:40]} {[%emt 00:00:20]} Ra2 {[%clk 00:11:10]}
{[%emt 00:00:36]} 34. Ra1 {[%clk 00:28:17]} {[%emt 00:01:53]} Rc2 {[%clk
00:07:39]} {[%emt 00:03:59]} 35. Rac1 {[%clk 00:26:46]} {[%emt 00:02:03]} Ra2
{[%clk 00:08:01]} {[%emt 00:00:08]} 36. Ra1 {[%clk 00:27:12]} {[%emt 00:00:05]}
Rxa1 {[%clk 00:07:49]} {[%emt 00:00:42]} 37. Rxa1 {[%clk 00:27:33]} {[%emt
00:00:08]} h5 {[%clk 00:07:17]} {[%emt 00:01:01]} 38. f4 {[%clk 00:27:28]}
{[%emt 00:00:36]} Kf8 {[%clk 00:03:59]} {[%emt 00:03:48]} 39. Kf1 {[%clk
00:27:41]} {[%emt 00:00:16]} Rd3 {[%clk 00:02:46]} {[%emt 00:01:43]} 40. Rc1
{[%clk 00:24:53]} {[%emt 00:03:18]} Ba3 {[%clk 00:00:57]} {[%emt 00:02:19]} 41.
Rc2 {[%clk 00:25:14]} {[%emt 00:00:09]} Rd1+ {[%clk 00:21:14]} {[%emt
00:10:14]} 42. Ke2 {[%clk 00:55:18]} {[%emt 00:00:26]} Rc1 {[%clk 00:21:09]}
{[%emt 00:00:35]} 43. Bb4+ {[%clk 00:55:39]} {[%emt 00:00:09]} Ke8 {[%clk
00:21:31]} {[%emt 00:00:07]} 44. Rxc1 {[%clk 00:55:49]} {[%emt 00:00:21]} Bxc1
{[%clk 00:21:58]} {[%emt 00:00:02]} 45. Kd3 {[%clk 00:53:28]} {[%emt 00:02:52]}
h4 {[%clk 00:21:24]} {[%emt 00:01:03]} 46. gxh4 {[%clk 00:50:51]} {[%emt
00:03:08]} Bxf4 {[%clk 00:21:42]} {[%emt 00:00:11]} 47. Bc3 {[%clk 00:49:58]}
{[%emt 00:01:23]} Kd7 {[%clk 00:21:32]} {[%emt 00:00:40]} 48. Ke4 {[%clk
00:46:09]} {[%emt 00:04:20]} Bc1 {[%clk 00:21:59]} {[%emt 00:00:02]} 49. f3
{[%clk 00:42:31]} {[%emt 00:04:09]} Kc6 {[%clk 00:19:46]} {[%emt 00:02:42]} 50.
Bd4 {[%clk 00:40:45]} {[%emt 00:02:16]} Bd2 {[%clk 00:17:19]} {[%emt 00:02:57]}
51. Bf2 {[%clk 00:39:24]} {[%emt 00:01:51]} Bc3 {[%clk 00:16:09]} {[%emt
00:01:40]} 52. Be3 {[%clk 00:38:23]} {[%emt 00:01:31]} Be1 {[%clk 00:14:08]}
{[%emt 00:02:31]} 53. Kd4 {[%clk 00:34:39]} {[%emt 00:04:14]} Bxh4 {[%clk
00:14:11]} {[%emt 00:00:26]} 54. Kc3 {[%clk 00:35:03]} {[%emt 00:00:04]} Be1+
{[%clk 00:14:01]} {[%emt 00:00:43]} 55. Kb3 {[%clk 00:35:10]} {[%emt 00:00:23]}
b5 {[%clk 00:14:08]} {[%emt 00:00:23]} 56. Bd4 {[%clk 00:33:57]} {[%emt
00:01:43]} a5 {[%clk 00:14:19]} {[%emt 00:00:19]} 57. cxb5+ {[%clk 00:34:13]}
{[%emt 00:00:13]} Kxb5 {[%clk 00:14:48]} 58. Bb2 a4+ 59. Kc2 {[%clk 00:34:13]}
Kc4 {[%clk 00:14:48]} 0-1

[Event "ODJM A 2024"]
[Site "Willingen GER"]
[Date "2024.05.25"]
[Round "9"]
[White "Ratushnyi, Viktor"]
[Black "Hofmann, Lorenz"]
[Result "1/2-1/2"]
[Termination "normal"]
[Board "5"]
[WhiteElo "1880"]
[BlackElo "2124"]
[WhiteClock "00:25:04"]
[BlackClock "00:21:51"]
[PlyCount "32"]
[WhiteFideId "34167293"]
[BlackFideId "12995509"]
[EventCountry "GER"]
[EventRounds "9"]
[EventType "swiss"]
[EventDate "2024.05.18"]

1. e4 {[%clk 01:30:57]} {[%emt 00:00:02]} c5 {[%clk 01:30:58]} {[%emt
00:00:03]} 2. Nf3 {[%clk 01:31:12]} {[%emt 00:00:15]} a6 {[%clk 01:31:24]}
{[%emt 00:00:04]} 3. g3 {[%clk 01:28:23]} {[%emt 00:03:19]} Nc6 {[%clk
01:31:38]} {[%emt 00:00:17]} 4. Bg2 {[%clk 01:28:40]} {[%emt 00:00:12]} g6
{[%clk 01:30:19]} {[%emt 00:01:50]} 5. O-O {[%clk 01:26:28]} {[%emt 00:02:42]}
Bg7 {[%clk 01:30:44]} {[%emt 00:00:06]} 6. d3 {[%clk 01:23:58]} {[%emt
00:02:59]} d6 {[%clk 01:22:47]} {[%emt 00:08:28]} 7. Nbd2 {[%clk 01:17:47]}
{[%emt 00:06:40]} Nf6 {[%clk 01:21:32]} {[%emt 00:01:45]} 8. Re1 {[%clk
01:09:53]} {[%emt 00:08:24]} O-O {[%clk 01:18:13]} {[%emt 00:03:49]} 9. a4
{[%clk 00:58:09]} {[%emt 00:12:14]} Ne8 {[%clk 01:12:37]} {[%emt 00:06:06]} 10.
Nc4 {[%clk 00:52:08]} {[%emt 00:06:31]} Rb8 {[%clk 01:10:42]} {[%emt 00:02:25]}
11. a5 {[%clk 00:39:33]} {[%emt 00:13:06]} Be6 {[%clk 01:02:07]} {[%emt
00:09:04]} 12. Nfd2 {[%clk 00:34:13]} {[%emt 00:05:49]} Nc7 {[%clk 01:00:09]}
{[%emt 00:02:28]} 13. Nb6 {[%clk 00:32:34]} {[%emt 00:02:10]} Na8 {[%clk
00:55:38]} {[%emt 00:05:01]} 14. Nbc4 {[%clk 00:27:48]} {[%emt 00:05:16]} Nc7
{[%clk 00:52:55]} {[%emt 00:03:13]} 15. Nb6 {[%clk 00:24:43]} {[%emt 00:03:35]}
Na8 {[%clk 00:21:40]} {[%emt 00:31:45]} 16. Nbc4 {[%clk 00:25:04]} {[%emt
00:00:08]} Nc7 {[%clk 00:21:51]} {[%emt 00:00:18]} 1/2-1/2